| 000 | 00855nam2a2200241 4500 | ||
|---|---|---|---|
| 001 | rc\3054621 | ||
| 005 | 20260315071408.0 | ||
| 035 | _a(NLR Aleph) 007208984 | ||
| 090 |
_a13630902 _c13630902 |
||
| 100 | _a20111011d1936 u y0rusy50 ca | ||
| 101 | 0 | _arus | |
| 105 | _ay z ||||| | ||
| 200 | 1 | _aЗамена казенных роликов чугунными | |
| 210 | _d1936 | ||
| 215 | _a[4] с. | ||
| 461 | 0 |
_1001rc\3054609 _12000#$aОбмен опытом$e1-$iОбувь$v3 _97662842 _aСССР. Главное управление кожевенно-обувной промышленности _c[Москва] _d1936 _iОбувь _nБ. и. _o1- _tОбмен опытом _v3 |
|
| 700 | 1 | _aСигунов | |
| 701 | 1 | _aКитаев | |
| 801 | 0 |
_aRU _bNLR _gpsbo |
|
| 801 | 1 |
_aRU _bELAR _2rusmarc |
|
| 852 |
_aNLR _j36-15/9(3) |
||
| 942 | _cUNSPEC | ||
| 980 | _aNB | ||